Úzká místa měnové a kurzové politiky ČR

Menová politika zameraná na udržanie inflačných tlakov. Vývoj menového kurzu v r. 1995: fixný nominálny kurz českej koruny, nový devízový zákon, prílev kapitálu, deficit bežného účtu. Implikácia pre hospodársku politiku. Očakávaný vývoj. Základné ciele menovej politiky a návrh na jej nové usporiadan...

ver descrição completa

Na minha lista:
Detalhes bibliográficos
Autor principal: Kreidl, V.
Formato: Capítulo de Livro
Idioma:tcheco
Assuntos:
Tags: Adicionar Tag
Sem tags, seja o primeiro a adicionar uma tag!

MARC

LEADER 00000naa a2200000 4500
001 r022521
005 20230922091243.6
041 0 |a cze 
044 |a CZ 
245 1 0 |a Úzká místa měnové a kurzové politiky ČR  |c V. Kreidl 
520 |a Menová politika zameraná na udržanie inflačných tlakov. Vývoj menového kurzu v r. 1995: fixný nominálny kurz českej koruny, nový devízový zákon, prílev kapitálu, deficit bežného účtu. Implikácia pre hospodársku politiku. Očakávaný vývoj. Základné ciele menovej politiky a návrh na jej nové usporiadanie. 
610 2 0 |a politika menová 
610 2 0 |a politika fiškálna 
610 2 0 |a Česko 
610 2 0 |a kurz menový 
610 2 0 |a 1995 
610 2 0 |a koruna 
610 2 0 |a bilancia platobná 
610 2 0 |a účty bežné 
610 2 0 |a účty kapitálové 
610 2 0 |a rezervy devízové 
610 2 0 |a inflácia 
100 1 |a Kreidl, V.